000 00661nam a2200277Ia 4500
005 20260324140435.0
008 008 260324s9999 xx 000 0 eng d
020 _a9780429444340
037 _aEBOOK
040 _aCRL
040 _beng
040 _cCRL
041 _2eng
041 _aeng
084 _qCRL
100 _aKeizo Nagatani; David W. Edgington
_91204397
245 0 _aJapan and the West: The Perception Gap
260 _bTaylor and Francis
260 _c1998
365 _a
365 _b180
856 _uhttp://www.taylorfrancis.com/books/9780429444340
942 _cEBOOK
999 _c1806490
_d1806490